Etica y partidos políticos /
Guardado en:
| Autor principal: | |
|---|---|
| Formato: | Texto |
| Lenguaje: | Spanish |
| Materias: | |
| Etiquetas: |
Agregar Etiqueta
Sin Etiquetas, Sea el primero en etiquetar este registro!
|
MARC
| LEADER | 00000 a a2200000 04500 | ||
|---|---|---|---|
| 001 | 44522 | ||
| 003 | cru CIDCACS/IIS | ||
| 005 | 20230103114527.0 | ||
| 008 | 230103b |||||||| |||| 00| 0 spa d | ||
| 040 | |c cru CIDCACS/IIS | ||
| 100 | 1 | |a Sandoval, Miguel Angel | |
| 245 | 1 | |a Etica y partidos políticos / |c Miguel Angel Sandoval | |
| 500 | |a Colección Centroamérica | ||
| 650 | |a PARTIDOS POLIITCOS | ||
| 650 | |a ETICA | ||
| 650 | |a FUERZAS ARMADAS | ||
| 650 | |a MILITARISMO | ||
| 773 | |g volumen17, número22 (1995), 19-26 | ||
| 773 | 0 | |0 42425 |9 8070 |d México, D.F. Noticias de Guatemala |o 05187 |t Noticias de Guatemala, NG / | |
| 942 | |2 ddc |c PP | ||
| 999 | |c 23114 |d 23114 | ||
